| 000 | 004490000a22001810004500 | ||
|---|---|---|---|
| 003 | LK-CoMWRAF | ||
| 005 | 20230927112406.0 | ||
| 008 | 230817t ||||| |||| 00| 0 eng d | ||
| 040 |
_aLK-CoMWRAF _dLK-CoMWRAF _eLK-CoMWRAF |
||
| 041 | _aeng | ||
| 082 |
_a297 _bLAT |
||
| 100 | _aLatif, Syed Abdul | ||
| 245 | _aBases of Islamic culture | ||
| 260 |
_aDelhi : _bIdarah-i Adabiyat-i Delli, _c1977 |
||
| 300 | _a234p | ||
| 650 | _aIslam | ||
| 942 | _cBK | ||
| 999 |
_c1024 _d1024 |
||